| 000 | 00766nam a2200193 a 4500 | ||
|---|---|---|---|
| 001 | 000028655 | ||
| 005 | 20200930055048.0 | ||
| 008 | 110411s2007 mx 000 | spa d | ||
| 020 | _a9789703251391 | ||
| 040 |
_aDO-SdBNP _bspa _cBNPHU |
||
| 082 |
_axxx _bP438p |
||
| 100 | 1 |
_aPérez de la Cruz, Rosa Elena _953666 |
|
| 245 | 1 | 3 |
_aEl pensamiento ético de Andrés Avelino / _cRosa Elena Pérez de la Cruz ; palabras preliminares de Joaquín Sánchez Macgrégor. |
| 260 |
_aMéxico : _bInstituto Panamericano de Geografía e Historia; _bUniversidad Nacional Autónoma de México, _c2007. |
||
| 300 |
_a93 p. ; _c230 cm. |
||
| 504 | _aIncluye referencias bibliográficas y notas al pie de páginas. | ||
| 700 | 1 |
_aSánchez Macgrégor, Joaquín _955622 |
|
| 049 | _aBNPD | ||
| 999 |
_c28147 _d28147 |
||